Miniaturas del Renacimiento (Record no. 61595)

MARC details
000 -LEADER
campo de control de longitud fija 00604nam a2200157 i 4500
001 - NÚMERO DE CONTROL
campo de control 61595
003 - IDENTIFICADOR DE NÚMERO DE CONTROL
campo de control ES-MaACL
005 - FECHA Y HORA DE LA ÚLTIMA TRANSACCIÓN
campo de control 20230906164511.0
007 - CAMPO FIJO DE DESCRIPCIÓN FÍSICA--INFORMACIÓN GENERAL
campo de control de longitud fija t|
008 - DATOS DE LONGITUD FIJA--INFORMACIÓN GENERAL
campo de control de longitud fija 031112s1950 it ||||1| spa d
111 2# - ENTRADA PRINCIPAL--NOMBRE DE CONGRESO/REUNIÓN
Nombre de congreso/reunión o jurisdicción como elemento de entrada Exposición de la Biblioteca Vaticana (
Fecha del congreso o de la firma del tratado 1950.
Sede del congreso/Lugar de la reunión Roma)
9 (RLIN) 672
245 10 - MENCIÓN DEL TÍTULO
Título Miniaturas del Renacimiento
Resto del título : catálogo de la Exposición de la Biblioteca Vaticana : Quinto Centenario de la Biblioteca Vaticana.
260 ## - PUBLICACIÓN, DISTRIBUCIÓN, ETC.
Lugar de publicación, distribución, etc. Ciudad del Vaticano :
Nombre del editor, distribuidor, etc. [s.n.,
Fecha de publicación, distribución, etc. 1950] (
Lugar de fabricación/manufactura Roma :
Fabricante Instituto Poligráfico del Estado)
300 ## - DESCRIPCIÓN FÍSICA
Extensión 92 p., 32 lám. ;
Dimensiones 23 cm.
852 ## - LOCALIZACIÓN
Ubicación ES-MaACL
Número de control de estantería D-7274
Sublocalización o colección R.30585
Holdings
Estatus retirado Estado de pérdida Estado de daño No para préstamo Biblioteca de origen Biblioteca actual Ubicación en estantería Fecha de adquisición Fuente de adquisición Total de préstamos Signatura topográfica completa Código de barras Visto por última vez Precio de reemplazo Tipo de ítem Koha
        Biblioteca del Ateneo de Madrid Biblioteca del Ateneo de Madrid Sala Valle Inclán 17/01/2008     D-7274 901064585 23/02/2023 23/02/2023 Libro impreso